Normal view
MARC view
- البلاد العربية - سياسة وحكومة- تاريخ- عصر الجاهلية والنبوة والخلفاء الراشدين
Entry Topical Term
001 - CONTROL NUMBER
- control field: 41178
003 - CONTROL NUMBER IDENTIFIER
- control field: JO-AjAnu
005 - DATE AND TIME OF LATEST TRANSACTION
- control field: 20230606080836.0
008 - FIXED-LENGTH DATA ELEMENTS
- fixed length control field: 230606|| aca||aabn | a|a d
040 ## - CATALOGING SOURCE
- Original cataloging agency: JO-AjAnu
- Transcribing agency: JO-AjAnu
150 ## - HEADING--TOPICAL TERM
- Topical term or geographic name entry element: البلاد العربية - سياسة وحكومة- تاريخ- عصر الجاهلية والنبوة والخلفاء الراشدين
670 ## - SOURCE DATA FOUND
- Source citation: Work cat.: (JO-AjAnu)21103: تاليف ماجد، عبد المنعم, author 41177, التاريخ السياسي للدولة العربية: عصور الجاهلية والنبوة والخلفاء الراشدين، الجزء الأول